00711cam a2200265 4500001001300000003000400013005001700017008004100034010001700075025002000092040001800112043001200130050001600142082001400158100004800172245003300220250001400253260004600267300001500313350001700328504003100345650003100376650002100407999001700428sa 68012112 DLC20260227112607.0691104m19689999ii b 001 0 eng  asa 68012112  aPL480:I-E-10609 aDLCcDLCdDLC aa-ii---00aHM22.I5bS700a301/.09541 aSrivastava, H. C.q(Harish Chandra),d1932-10aStudies in Indian sociology. a[1st ed.] aVaranasi,bSamajshastra Prakashanc[1968- av.c23 cm. a12.00 (v. 1) aBibliographical footnotes. 0aSociologyzIndiaxHistory. 0aHindu sociology. c84314d84314